000 00239nam a2200109Ia 4500
008 190216s9999||||xx |||||||||||||| ||und||
100 _aSuresh Kumar
245 0 _aMaracheeni
260 _bBhasha Institute
650 _aBotany
942 _cBK
999 _c40441
_d40441